000
00250nam a2200097Ia 4500
001
1196806
005
20250827021814.0
008
250824s9999 xx 000 0 und d
245
0
_a
ALLAH DE ÖTESİNİ BIRAK
_c
UĞUR KOŞAR
260
_b
DESTEK YAYINLARI
999
_c
1196806
_d
1196806